[Event "Barcelona La Lira op 32nd"]
[Site "Barcelona"]
[Date "2014.03.13"]
[Round "9"]
[White "Alvarez Garmendia, Jose Maria"]
[Black "Fuentes Giner, Enrique"]
[Result "0-1"]
[WhiteElo "1599"]
[BlackElo "1465"]
[PlyCount "100"]
[EventDate "2014.01.16"]
[EventType "swiss"]
[EventRounds "9"]
[EventCountry "ESP"]
[SourceTitle "EXT 2015"]
[Source "ChessBase"]
[SourceDate "2014.11.20"]
[SourceVersion "1"]
[SourceVersionDate "2014.11.20"]
[SourceQuality "1"]

1. d4 d5 2. Bf4 c6 3. Nf3 h6 4. e3 Bg4 5. Nbd2 e6 6. c3 Qb6 7. Qb3 Qxb3 8. axb3 a6 9. Bd3 Nf6 10. h3 Bxf3 11. Nxf3 Nbd7 12. 0-0 Rd8 13. c4 Be7 14. c5 Ne4 15. Bxe4 dxe4 16. Nd2 f5 17. Nc4 Ra8 18. f3 exf3 19. Rxf3 0-0 20. Rg3 Kh7 21. Rf3 Nf6 22. Bd6 Bxd6 23. Nxd6 Rab8 24. Raf1 Kg8 25. Re1 Ne8 26. e4 Nxd6 27. cxd6 fxe4 28. Rxe4 Rxf3 29. gxf3 Kf7 30. Rf4+ Ke8 31. h4 Rd8 32. Rg4 Kf7 33. Rf4+ Kg8 34. Kf2 Rxd6 35. Ke3 Rd5 36. Ke4 Rb5 37. h5 Rxb3 38. Ke5 Rxb2 39. Kxe6 Re2+ 40. Kd6 Re8 41. Kc5 Re6 42. Kb6 Re7 43. Rf5 Rd7 44. Kc5 Rd5+ 45. Rxd5 cxd5 46. Kxd5 Kf7 47. Kc5 a5 48. Kb5 Ke6 49. Kc5 a4 50. d5+ Kd7 0-1

[Event "Barcelona La Lira op 31st"]
[Site "Barcelona"]
[Date "2013.01.25"]
[Round "2"]
[White "Gonzalez Canovas, Sebastian"]
[Black "Alvarez Garmendia, Jose Maria"]
[Result "0-1"]
[WhiteElo "1930"]
[BlackElo "1623"]
[PlyCount "128"]
[EventDate "2013.01.18"]
[EventType "swiss"]
[EventRounds "8"]
[EventCountry "ESP"]
[SourceTitle "EXT 2014"]
[Source "ChessBase"]
[SourceDate "2013.11.20"]
[SourceVersion "1"]
[SourceVersionDate "2013.11.20"]
[SourceQuality "1"]

1. e4 c5 2. Nf3 d6 3. d4 cxd4 4. Nxd4 Nf6 5. Nc3 a6 6. Be2 e5 7. Nb3 Be6 8. 0-0 Be7 9. Be3 0-0 10. f4 exf4 11. Bxf4 Nc6 12. Be3 b5 13. Bf3 Ne5 14. Kh1 Bc4 15. Rg1 Qc8 16. Nd5 Bxd5 17. exd5 Nfg4 18. Qe2 Nxe3 19. Qxe3 Qxc2 20. Rab1 Qd3 21. Rge1 Bf6 22. Nd2 Rac8 23. Be4 Qxe3 24. Rxe3 Nc4 25. Nxc4 Rxc4 26. Bd3 Rc5 27. Be4 Rfc8 28. g3 Bg5 29. Ree1 g6 30. Kg2 f5 31. Bf3 Rc2+ 32. Kg1 Rc1 33. Rbxc1 Rxc1 34. Rxc1 Bxc1 35. b3 Kf7 36. Kf2 Kf6 37. Ke2 Ke5 38. Kd3 Bb2 39. h3 h5 40. g4 hxg4 41. hxg4 fxg4 42. Bxg4 Kxd5 43. b4 Kc6 44. Bc8 Kb6 45. Be6 a5 46. bxa5+ Kxa5 47. Ke4 b4 48. Bd5 Kb5 49. Be6 Kc5 50. Bb3 Bc1 51. Be6 g5 52. Kd3 d5 53. Bg4 Bf4 54. Bf3 Be5 55. Bg4 Kd6 56. Bf3 Bc3 57. Bg4 Bf6 58. Bf3 Ke5 59. Bg4 Be7 60. Bf3 Bc5 61. Bg4 Bb6 62. Bf3 Bf2 63. Bg4 Kf4 64. Be6 d4 0-1

[Event "Barcelona Primavera La Lira op 5th"]
[Site "Barcelona"]
[Date "2012.05.24"]
[Round "6"]
[White "Alvarez Garmendia, Jose Maria"]
[Black "Febrero Perez, Lluis"]
[Result "0-1"]
[WhiteElo "1630"]
[BlackElo "1545"]
[PlyCount "96"]
[EventDate "2012.04.19"]
[EventType "swiss"]
[EventRounds "9"]
[EventCountry "ESP"]
[SourceTitle "CBM 148 Extra"]
[Source "ChessBase"]
[SourceDate "2012.06.22"]
[SourceVersion "1"]
[SourceVersionDate "2012.06.22"]
[SourceQuality "1"]

1. e4 e5 2. Nf3 Nc6 3. d4 exd4 4. c3 dxc3 5. Bc4 d6 6. 0-0 cxb2 7. Bxb2 Be6 8. Na3 Nf6 9. Re1 Be7 10. Ng5 Bxc4 11. Nxc4 h6 12. Nf3 b5 13. Ncd2 0-0 14. Rc1 Qd7 15. Qb3 Ne5 16. Nxe5 dxe5 17. Nf3 Bd6 18. Rcd1 Qe8 19. h3 a6 20. Nh4 Kh7 21. Nf5 Bc5 22. Qg3 g6 23. Nh4 Bd6 24. Qe3 Nh5 25. g3 Ng7 26. Rd5 f5 27. exf5 Nxf5 28. Qe4 Nxh4 29. Qxh4 Qf7 30. Rd2 Qf5 31. g4 Qf4 32. Ree2 e4 33. Rxd6 Qxd6 34. Re3 Rae8 35. g5 Qd1+ 36. Kg2 h5 37. Bf6 Qd6 38. Rxe4 Qd5 39. f3 Rxe4 40. Qxe4 Qxa2+ 41. Kg1 Qa3 42. Kg2 Qd6 43. Qe3 h4 44. f4 Qd5+ 45. Kf2 Qa2+ 46. Kf3 Qd5+ 47. Kg4 Rxf6 48. gxf6 Qh5# 0-1

[Event "Barcelona Primavera La Lira op 4th"]
[Site "Barcelona"]
[Date "2011.04.14"]
[Round "3"]
[White "Alvarez Garmendia, Jose Maria"]
[Black "Corominas Garrido, Jordi"]
[Result "0-1"]
[WhiteElo "1687"]
[BlackElo "1893"]
[PlyCount "72"]
[EventDate "2011.03.31"]
[EventType "swiss"]
[EventRounds "9"]
[EventCountry "ESP"]
[SourceTitle "EXT 2012"]
[Source "ChessBase"]
[SourceDate "2011.11.24"]
[SourceVersion "1"]
[SourceVersionDate "2011.11.24"]
[SourceQuality "1"]

1. e4 e6 2. d4 d5 3. Nc3 Nf6 4. e5 Nfd7 5. Nf3 c5 6. Bb5 a6 7. Be2 Nc6 8. 0-0 cxd4 9. Nxd4 Ndxe5 10. Be3 Be7 11. f4 Ng6 12. Nxc6 bxc6 13. Na4 0-0 14. Bb6 Qe8 15. c3 Rb8 16. b4 e5 17. fxe5 Nxe5 18. Bc7 Nd7 19. Bxb8 Nxb8 20. Nc5 Bxc5+ 21. bxc5 Qe3+ 22. Rf2 Qxc5 23. Qb3 Nd7 24. Raf1 a5 25. a4 Nf6 26. Bf3 Bg4 27. Kh1 Bxf3 28. Rxf3 Ne4 29. Qb2 f6 30. g4 Re8 31. h4 Qc4 32. Kg1 Qxa4 33. Re3 Qc4 34. Rfe1 Qc5 35. Kg2 Qd6 36. Kf3 Qg3+ 0-1

[Event "Barcelona Primavera La Lira op 4th"]
[Site "Barcelona"]
[Date "2011.03.31"]
[Round "1"]
[White "Alvarez Garmendia, Jose Maria"]
[Black "Colom Andres, Xavier"]
[Result "1/2-1/2"]
[WhiteElo "1687"]
[BlackElo "1966"]
[PlyCount "101"]
[EventDate "2011.03.31"]
[EventType "swiss"]
[EventRounds "9"]
[EventCountry "ESP"]
[SourceTitle "EXT 2012"]
[Source "ChessBase"]
[SourceDate "2011.11.24"]
[SourceVersion "1"]
[SourceVersionDate "2011.11.24"]
[SourceQuality "1"]

1. e4 c6 2. d4 d5 3. exd5 cxd5 4. Nf3 Nf6 5. Be3 Nc6 6. Be2 Bg4 7. Ne5 Bxe2 8. Qxe2 Rc8 9. 0-0 e6 10. c3 Bd6 11. f4 0-0 12. Nd2 Re8 13. Rad1 Qa5 14. Ra1 Bf8 15. Bf2 Qc7 16. Bg3 Ne7 17. Bh4 Nf5 18. Bf2 a6 19. Qf3 b5 20. g4 Nd6 21. f5 Nde4 22. Nxe4 Nxe4 23. Be1 f6 24. Nd3 Bd6 25. Nf4 Bxf4 26. Qxf4 e5 27. dxe5 Qxe5 28. Qxe5 Rxe5 29. Rd1 Rce8 30. Rd4 Ng5 31. Bd2 Re2 32. Bxg5 fxg5 33. Rf2 R2e4 34. h3 Rxd4 35. cxd4 Re4 36. Rd2 Kf7 37. Kf2 Kf6 38. Rd3 h5 39. Kf3 hxg4+ 40. hxg4 g6 41. fxg6 Rf4+ 42. Kg3 Kxg6 43. Rd2 Re4 44. Kf3 Kf6 45. a3 Rf4+ 46. Kg3 Ke6 47. b4 Re4 48. Kf3 Kd6 49. Rd1 Re8 50. Rh1 Re4 51. Rd1 1/2-1/2

[Event "Barcelona La Lira op 29th"]
[Site "Barcelona"]
[Date "2011.01.28"]
[Round "3"]
[White "Febrero Perez, Lluis"]
[Black "Alvarez Garmendia, Jose Maria"]
[Result "1-0"]
[WhiteElo "1585"]
[BlackElo "1687"]
[PlyCount "51"]
[EventDate "2011.01.14"]
[EventType "swiss"]
[EventRounds "7"]
[EventCountry "ESP"]
[SourceTitle "EXT 2012"]
[Source "ChessBase"]
[SourceDate "2011.11.24"]
[SourceVersion "1"]
[SourceVersionDate "2011.11.24"]
[SourceQuality "1"]

1. e4 c5 2. Nf3 d6 3. Bb5+ Bd7 4. Bxd7+ Qxd7 5. 0-0 e6 6. b3 Nf6 7. Re1 e5 8. Bb2 Be7 9. Nc3 0-0 10. Nd5 Nc6 11. c3 Bd8 12. d4 cxd4 13. cxd4 Nxd5 14. exd5 Ne7 15. dxe5 dxe5 16. Nxe5 Qxd5 17. Qxd5 Nxd5 18. Nd7 Ba5 19. Re5 Bc3 20. Bxc3 Nxc3 21. Nxf8 Kxf8 22. Rc5 Ne2+ 23. Kf1 Nd4 24. Rac1 Nc6 25. Rb5 Rb8 26. Rxc6 1-0

[Event "Barcelona La Lira Spring op 3rd"]
[Site "Barcelona"]
[Date "2010.05.27"]
[Round "7.10"]
[White "Flores Linan, Josep Luis"]
[Black "Alvarez Garmendia, Jose Maria"]
[Result "1-0"]
[WhiteElo "1891"]
[BlackElo "1708"]
[PlyCount "99"]
[EventDate "2010.04.15"]
[EventType "swiss"]
[EventRounds "8"]
[EventCountry "ESP"]
[SourceTitle "EXT 2024"]
[Source "ChessBase"]
[SourceDate "2023.10.10"]
[SourceVersion "1"]
[SourceVersionDate "2023.10.10"]
[SourceQuality "1"]

1. d4 Nf6 2. c4 e5 3. dxe5 Ne4 4. Nf3 Bb4+ 5. Bd2 Qe7 6. Qc2 Nxd2 7. Nbxd2 Nc6 8. e3 Nxe5 9. Be2 d6 10. Qa4+ Nc6 11. 0-0 0-0 12. Rfd1 Bd7 13. Qc2 a5 14. Nb3 Rad8 15. Nbd4 Bc5 16. Rac1 Nb4 17. Qb1 c6 18. a3 Na6 19. Qd3 a4 20. Qc2 Bxd4 21. exd4 c5 22. d5 Qf6 23. Bd3 g6 24. Re1 Nc7 25. Re3 Rfe8 26. Rce1 Rxe3 27. Rxe3 b5 28. h3 bxc4 29. Bxc4 Rb8 30. b3 axb3 31. Rxb3 Rxb3 32. Qxb3 Ne8 33. a4 Qa1+ 34. Kh2 Qxa4 35. Qb7 h6 36. Bd3 Qf4+ 37. Kg1 Bxh3 38. Qe7 Nf6 39. Be2 Bf5 40. Qxf6 c4 41. Qc3 Bd3 42. Bxd3 cxd3 43. Qxd3 g5 44. Qd4 Qc1+ 45. Kh2 Qc2 46. Nd2 Qf5 47. Ne4 Qe5+ 48. Qxe5 dxe5 49. Kh3 Kf8 50. Kg4 1-0

[Event "Barcelona La Lira Spring op 3rd"]
[Site "Barcelona"]
[Date "2010.04.29"]
[Round "3.18"]
[White "Alvarez Garmendia, Jose Maria"]
[Black "Garcia Extremera, Manuel"]
[Result "1-0"]
[WhiteElo "1708"]
[BlackElo "1464"]
[PlyCount "67"]
[EventDate "2010.04.15"]
[EventType "swiss"]
[EventRounds "8"]
[EventCountry "ESP"]
[SourceTitle "EXT 2024"]
[Source "ChessBase"]
[SourceDate "2023.10.10"]
[SourceVersion "1"]
[SourceVersionDate "2023.10.10"]
[SourceQuality "1"]

1. e4 c5 2. Nf3 d6 3. d4 cxd4 4. Nxd4 Nf6 5. Nc3 a6 6. g3 e5 7. Nb3 Nc6 8. Bg2 Be6 9. 0-0 Be7 10. Bg5 0-0 11. Kh1 b5 12. Bxf6 Bxf6 13. f4 Rb8 14. Nd5 a5 15. Nxf6+ Qxf6 16. Qxd6 Rbc8 17. fxe5 Qxe5 18. Qxe5 Nxe5 19. Nd4 b4 20. Rf2 Ng4 21. Rd2 Ne3 22. Nxe6 fxe6 23. Bh3 Rxc2 24. Bxe6+ Kh8 25. Rxc2 Nxc2 26. Rc1 Rf2 27. Bb3 g5 28. Rxc2 Rf8 29. e5 Kg7 30. Rc7+ Kh6 31. e6 Rf1+ 32. Kg2 Rb1 33. e7 Rxb2+ 34. Rc2 1-0